000
00259nam a22001217a 4500
082
_a
823
_b
AND/E
100
_a
ANDERSON
245
_a
THE EMPORER'S NEW CLOTHES
260
_a
DELHI
_b
TINY TOT
_c
1995
300
_a
7
650
_a
ENGLISH STORY
_z
INDIA
942
_c
BK
999
_c
7462
_d
7462